Transformácia - dobrá správa pre podnikateľov

Nový zákon o bankách ukladá štátnym peňažným ústavom povinnosť uskutočniť svoju transformáciu na akciové spoločnosti. Transformácia Slovenskej záručnej a rozvojovej banky zo štátneho peňažného ústavu na akciovú spoločnosť s účinnosťou od 1.10.2002.

Na minha lista:
Detalhes bibliográficos
Autor principal: Garajová, Ľudmila
Formato: Capítulo de Livro
Idioma:eslovaco
Assuntos:
Tags: Adicionar Tag
Sem tags, seja o primeiro a adicionar uma tag!

MARC

LEADER 00000naa a2200000 4500
001 r048901
005 20220729103945.4
041 0 |a slo 
044 |a SK 
245 1 0 |a Transformácia - dobrá správa pre podnikateľov  |c Ľudmila Garajová 
520 |a Nový zákon o bankách ukladá štátnym peňažným ústavom povinnosť uskutočniť svoju transformáciu na akciové spoločnosti. Transformácia Slovenskej záručnej a rozvojovej banky zo štátneho peňažného ústavu na akciovú spoločnosť s účinnosťou od 1.10.2002. 
610 2 0 |a banky 
610 2 0 |a transformácia 
610 2 0 |a spoločnosti akciové 
610 2 0 |a Slovenská záručná a rozvojová banka Bratislava 
610 2 0 |a Slovensko 
610 2 0 |a 2002 
100 1 |a Garajová, Ľudmila